000 00636nam a2200181Ia 4500
008 151018s9999 xx 000 0 und d
082 _bRBASDV6538
_a891.463
100 _aग दि माडगुळकर
245 _aबांधावरच्या बाभळी
250 _b1
260 _bकुलकर्णी ग्रंथागार
_c1963
300 _a147
600 _aग दि माडगुळकर
630 _aबांधावरच्या बाभळी
700 _aग दि माडगुळकर
730 _aबांधावरच्या बाभळी
942 _cBOOK
999 _c1008912
_d1008909